Southville International School and Colleges
Your cart is empty.
  • Cart
  • Lists
    Public lists list_1 View all
    Your lists Log in to create your own lists
  • Log in to your account
  • Your cookies
  • Search history
Southville International School and Colleges
  • Advanced search
  • Recent comments
  • Most popular
  • Libraries

Log in to your account

Log in with GOOGLE


If you do not have an external account, but do have a local account, you can still log in:

  1. Home
  2. MARC view: The Way of Saint James as an event: politics and nation
Normal view MARC view ISBD view

The Way of Saint James as an event: politics and nation (Record no. 315634)

[ view plain ]
MARC details
000 -LEADER
fixed length control field 00425nam a2200145Ia 4500
008 - FIXED-LENGTH DATA ELEMENTS--GENERAL INFORMATION
fixed length control field 170224s9999 xx 000 0 und d
100 ## - MAIN ENTRY--PERSONAL NAME
Personal name Xosé M. Santos
245 #4 - TITLE STATEMENT
Title The Way of Saint James as an event: politics and nation
245 ## - TITLE STATEMENT
Statement of responsibility, etc Xosé M. Santos
260 ## - PUBLICATION, DISTRIBUTION, ETC. (IMPRINT)
Name of publisher, distributor, etc Journal of Policy Research in Tourism, Leisure and Events
260 ## - PUBLICATION, DISTRIBUTION, ETC. (IMPRINT)
Date of publication, distribution, etc 2016
300 ## - PHYSICAL DESCRIPTION
Extent 8:3, Pages: 233-248
500 ## - GENERAL NOTE
General note 2016
650 ## - SUBJECT ADDED ENTRY--TOPICAL TERM
General subdivision Tourism.
Holdings
Withdrawn status Lost status Damaged status Home library Current library Date acquired Total Checkouts Date last seen Price effective from Koha item type
      College Library College Library 02/24/2017   02/24/2017 02/24/2017 Periodicals

The Way of Saint James as an event: politics and nation

APA

Xosé M. Santos, .The Way of Saint James as an event: politics and nation. : Journal of Policy Research in Tourism, Leisure and Events.

Chicago

Xosé M. Santos, .The Way of Saint James as an event: politics and nation. : Journal of Policy Research in Tourism, Leisure and Events.

Harvard

Xosé M. Santos, .The Way of Saint James as an event: politics and nation. : Journal of Policy Research in Tourism, Leisure and Events.

MLA

Xosé M. Santos, .: Journal of Policy Research in Tourism, Leisure and Events. .

  • Place hold
  • Print
  • Cite
  • Add to your cart (remove)
  • Save record
    BIBTEX Dublin Core MARCXML MARC (non-Unicode/MARC-8) MARC (Unicode/UTF-8) MARC (Unicode/UTF-8, Standard) MODS (XML) RIS
  • More searches
    Search for this title in:
    Other Libraries (WorldCat) Other Databases (Google Scholar) Online Stores (Bookfinder.com) Open Library (openlibrary.org)

Exporting to Dublin Core...

SOUTHVILLE LIBRARY

Southville International School and Colleges Library

1281 Tropical Ave. Cor. Luxembourg St., BF Homes International, Las Pinas City

Tel. No. 8256374 / 252358 Loc. 117/146

Powered by Koha